| 000 | 00586nam a22001937a 4500 | ||
|---|---|---|---|
| 003 | LK-CoMWRAF | ||
| 005 | 20240114022107.0 | ||
| 008 | 240114b1992 |||||||| |||| 00| 0 eng d | ||
| 040 |
_aLK-CoMWRAF _dLK-CoMWRAF _eLK-CoMWRAF |
||
| 041 | _atam | ||
| 082 |
_a305.42 _bSRI |
||
| 110 | _aSri Lanka, Office of the State Ministry of Women's Affairs | ||
| 245 | _aபெண்களின் பட்டயம் (இலங்கை) | ||
| 260 | _c1992 | ||
| 300 | _a14 p. | ||
| 650 | _aWOMEN"S CHARTER-Sri Lanka | ||
| 856 | _uhttps://noolaham.net/project/61/6098/6098.pdf | ||
| 942 | _cREF | ||
| 999 |
_c4618 _d4618 |
||